Signal Processing Aspects of Massive MIMO and IRS-Aided Communications.

Bibliographic Details
Main Author: Özdogan, Özgecan.
Format: eBook
Language:English
Published: Linköping : Linkopings Universitet, 2021.
Edition:1st ed.
Series:Linköping Studies in Science and Technology. Dissertations Series
Subjects:
Online Access:Click to View
LEADER 02023nam a22003853i 4500
001 EBC6869274
003 MiAaPQ
005 20240729202203.0
006 m o d |
007 cr cnu||||||||
008 240729s2021 xx o ||||0 eng d
020 |a 9789179291648  |q (electronic bk.) 
020 |z 9789179291648 
035 |a (MiAaPQ)EBC6869274 
035 |a (Au-PeEL)EBL6869274 
035 |a (OCoLC)1294144772 
040 |a MiAaPQ  |b eng  |e rda  |e pn  |c MiAaPQ  |d MiAaPQ 
100 1 |a Özdogan, Özgecan. 
245 1 0 |a Signal Processing Aspects of Massive MIMO and IRS-Aided Communications. 
250 |a 1st ed. 
264 1 |a Linköping :  |b Linkopings Universitet,  |c 2021. 
264 4 |c {copy}2022. 
300 |a 1 online resource (96 pages) 
336 |a text  |b txt  |2 rdacontent 
337 |a computer  |b c  |2 rdamedia 
338 |a online resource  |b cr  |2 rdacarrier 
490 1 |a Linköping Studies in Science and Technology. Dissertations Series ;  |v v.2199 
505 0 |a Intro -- Abstract -- Populärvetenskaplig sammanfattning -- Özet -- Acknowledgments -- Contents -- 1 Introduction -- 2 Channel Models for Massive MIMO -- 3 Basics of Massive MIMO -- 4 Dual-Polarized Channels -- 5 Intelligent Reflecting Surfaces -- 6 Deep Learning for Wireless Communications -- Bibliography -- Included Papers -- Papers. 
588 |a Description based on publisher supplied metadata and other sources. 
590 |a Electronic reproduction. Ann Arbor, Michigan : ProQuest Ebook Central, 2024. Available via World Wide Web. Access may be limited to ProQuest Ebook Central affiliated libraries.  
655 4 |a Electronic books. 
776 0 8 |i Print version:  |a Özdogan, Özgecan  |t Signal Processing Aspects of Massive MIMO and IRS-Aided Communications  |d Linköping : Linkopings Universitet,c2021  |z 9789179291648 
797 2 |a ProQuest (Firm) 
830 0 |a Linköping Studies in Science and Technology. Dissertations Series 
856 4 0 |u https://ebookcentral.proquest.com/lib/matrademy/detail.action?docID=6869274  |z Click to View